000 00424cam a2200181 4500
001 D11968
008 090401t1962 xxu||||| |||| 00| 0 eng d
035 _a(Sirsi) u451
041 _aeng
100 _aAltoun, H.J.
245 _aAltoun`s rate assessment calculation for all rating areas
250 _a9th
260 _bShaw and Sons
_c1962
350 _a0
520 _aShelf 113
942 _n0
948 _c04/03/1997
999 _c85560
_d85560